01151nam a2200241Ia 4500001000600000003000900006008004100015040001300056040001300069041001300082100001300095100002900108245002600137245002600163250001100189260001100200260001600211260004900227300005500276500052000331650002700851650003100878H7285IT-RoPAU130308s9999 xx 000 0 und d aIT-RoPAU cIT-RoPAU aITALIANO aFo Dario gCodice Aut. SPICS: 6571 aAnomalo Bicefalo (L') bAnomalo Bicefalo (L') a1a ed. aMILANO bRCS Editore c2006 [1° Ed.:2003 - Ed.Ling.Originale:2003] a"60 p. (prefazione: no ; testo: 60 [pagine: 0-0])" aL'Opera ci mostra Uno Strano Personaggio, presidente del Consiglio, al Quale, in Seguito Ad un Attentato, viene Trapiantato Il cervello di Vladimir Putin, Perito in un Agguato. ne Scaturisce una Figura Dalla doppia Personalità, Incapace a Tratti di Ricordare Il Proprio Passato, un Personaggio che Dice, si Contraddice, Racconta Frottole, Vende, Compra e Svende, finisce sotto Processo Ma ne Sguscia fuori Ogni Volta Come Un'Anguilla, Perche' nessuno riesce a Punirlo. Il Volume è Allegato al Dvd N. 9946/H7284. aAUTORI/OPERE DI TEATRO eCodice materia Spics: 8407